00523cam a22002171 4500001001300000003000400013005001700017008004100034010001700075025001900092035002000111040002100131042001200152050002000164100003300184245002700217260001100244300001900255500001400274999001700288sa 65009835 DLC20260227112205.0950223s1965 ii 000 0 tamo  asa 65009835  aPL480:I-T-1206 a(OCoLC)32040488 aDLCcCUdCUdDLC apremarc00aPL4758.9.S9bV51 aSwaminathan, Gomathi,d1919-10aVitaṇṭā vātam. c[1965] a116 p.c18 cm. aIn Tamil. c66462d66462